000 00377nam a22001697a 4500
005 20160625151251.0
008 160625b xxu||||| |||| 00| 0 eng d
020 _a8-534-59706-8
041 _aeng
082 _b10231
100 _aBiagi, Shirley
_92800
245 _aMedia Impact
260 _bThomson
300 _a333
650 _aMass Communication
_92660
942 _cBK
999 _c4055
_d4054